| 000 | 00791nam a2200217Ia 4500 | ||
|---|---|---|---|
| 008 | 191130s2002##################000#0#eng## | ||
| 020 | _a9780195657326 | ||
| 040 |
_aACL _cACL |
||
| 082 | _a307.720954 SHA | ||
| 100 | _aShah, A. M | ||
| 245 |
_aExploring India's rural past : a Gujarat village in the early nineteenth century _cA.M. Shah |
||
| 260 |
_aOxford _bOxford University Press _c2002 |
||
| 300 | _axiii, 245 p. : ill., maps ; 23 cm | ||
| 500 | _aIncludes bibliographical references (p. [229]-236) and index | ||
| 650 | _aRadhwanaj (India) - Economic conditions - 19th century | ||
| 650 | _aRadhwanaj (India) - History | ||
| 650 | _aRadhwanaj (India) - Social conditions - 19th century | ||
| 990 | _a8b5d3be2ac10000c5fb8372b1fed1f9c | ||
| 991 | _a200867 | ||
| 999 |
_c257556 _d257556 |
||